[Event "Tournament 14471 - Europe Echecs"]
[Site "Europe Echecs"]
[Date "2020.07.09"]
[Round "3"]
[Time "15:04:48"]
[PlyCount "200"]
[White "BocheMathis"]
[Black "LhubertPierre"]
[WhiteElo "1099"]
[BlackElo "1390"]
[Mode "WEB"]
[Result "1-0"]

1. d4 d5 2. Nf3 Nc6 3. Bf4 Bf5 4. e3 Nf6 5. Bb5 e6 6. Bxc6+ bxc6 7. O-O Be7 8.
Nbd2 O-O 9. b3 Rb8 10. c4 Re8 11. c5 Qc8 12. Qe2 Nd7 13. Nh4 Bg6 14. Nxg6 hxg6
15. Nf3 Nf6 16. Bg5 Ne4 17. Bxe7 Rxe7 18. Nd2 Nc3 19. Qd3 Nb5 20. a4 Nxd4 21.
exd4 e5 22. Rfe1 f6 23. Rab1 Kf7 24. Qf3 Qd7 25. dxe5 Rbe8 26. Kf1 Rh8 27. h3
Rh5 28. exf6 gxf6 29. Rxe7+ Qxe7 30. g4 Re5 31. Kg2 Re2 32. Nf1 Qe6 33. Ne3 Rd2
34. g5 Rd4 35. Qxf6+ Qxf6 36. gxf6 Kxf6 37. Ng4+ Kf5 38. f3 Rf4 39. Nh6+ Kg5 40.
Ng4 Rd4 41. Kg3 Rb4 42. Ne5 Rd4 43. Nxc6 Rd2 44. Nxa7 d4 45. Nb5 d3 46. Nc3 Rc2
47. Ne4+ Kf5 48. b4 Ra2 49. a5 Ke6 50. Ng5+ Kd7 51. Ne4 Kc8 52. Nf2 Ra3 53. Ne4
Kb7 54. Kf2 Ka6 55. Ke3 Kb5 56. Kd2 Ka6 57. Nf2 Kb5 58. Nxd3 Ka6 59. Ke3 Kb5 60.
Ke4 Ka6 61. Ne5 Rc3 62. Nxg6 Rc4+ 63. Ke3 Rc3+ 64. Kf2 Rc2+ 65. Kg3 Re2 66. Nf4
Re7 67. Nd5 Rd7 68. Nxc7+ Rxc7 69. h4 Rg7+ 70. Kh3 Rf7 71. Rb3 Kb7 72. h5 Rf6
73. Kh4 Rf4+ 74. Kg5 Rd4 75. h6 Rd7 76. Kg6 Kc8 77. h7 Kd8 78. h8=Q+ Kc7 79.
Qe5+ Kc8 80. Qe8+ Kc7 81. b5 Rd5 82. b6+ Kb7 83. Qe7+ Kc6 84. Qe4 Kxc5 85. Qxd5+
Kxd5 86. b7 Kd4 87. b8=Q Kc4 88. Qc8+ Kd5 89. Rd3+ Ke5 90. Qe8+ Kf4 91. Rd4+
Kxf3 92. Rd3+ Kf4 93. Rd1 Kf3 94. Rf1+ Kg2 95. Qe2+ Kg3 96. Qf3+ Kh2 97. Qf4+
Kh3 98. Rf3+ Kg2 99. Qg4+ Kh2 100. Rh3# {LhubertPierre est échec et mat} 1-0

[Event "Tournament 14471 - Europe Echecs"]
[Site "Europe Echecs"]
[Date "2020.07.09"]
[Round "3"]
[Time "15:04:48"]
[PlyCount "43"]
[White "GiraudDimitri"]
[Black "CourjalJuliett"]
[WhiteElo "1087"]
[BlackElo "1388"]
[Mode "WEB"]
[Result "0-1"]

1. e4 e5 2. Nf3 Nc6 3. Bc4 Nf6 4. d3 Bc5 5. Nc3 O-O 6. Bg5 Bb4 7. a3 Bxc3+ 8.
bxc3 h6 9. Bxf6 Qxf6 10. O-O d6 11. h3 Be6 12. Bxe6 fxe6 13. Re1 Rf7 14. Qd2 Qg6
15. d4 Rxf3 16. dxe5 Nxe5 17. Kf1 Rf6 18. Rab1 Raf8 19. Re2 Qg3 20. Rb3 Qh2 21.
Rxb7 Qh1# {GiraudDimitri est échec et mat} 0-1

[Event "Tournament 14471 - Europe Echecs"]
[Site "Europe Echecs"]
[Date "2020.07.09"]
[Round "3"]
[Time "15:04:48"]
[PlyCount "36"]
[White "LevyTheo"]
[Black "SansoneAlessio"]
[WhiteElo "1375"]
[BlackElo "1075"]
[Mode "WEB"]
[Result "1-0"]

1. Nf3 d5 2. g3 c5 3. Bg2 Nc6 4. d3 Nf6 5. O-O e6 6. Nbd2 Bd7 7. c4 Be7 8. b3
O-O 9. Bb2 d4 10. Ng5 Ng4 11. Nge4 Qc7 12. f3 Nf6 13. Nxf6+ Bxf6 14. Ne4 Be7 15.
Bc1 Ne5 16. Bf4 Bc6 17. Rb1 Ng6 18. Bxc7 {SansoneAlessio a abandonné} 1-0

[Event "Tournament 14471 - Europe Echecs"]
[Site "Europe Echecs"]
[Date "2020.07.09"]
[Round "3"]
[Time "15:04:48"]
[PlyCount "53"]
[White "Cadilhacseffin"]
[Black "GutcakiDaniil"]
[WhiteElo "1045"]
[BlackElo "1373"]
[Mode "WEB"]
[Result "0-1"]

1. e4 d5 2. exd5 Qxd5 3. Nc3 Qa5 4. d4 c6 5. Bf4 Nf6 6. Bc4 Ne4 7. Qd3 Bf5 8.
O-O-O Nxf2 9. Qxf5 Qxf5 10. Rf1 Qxf4+ 11. Kb1 Qxd4 12. Bxf7+ Kxf7 13. Nf3 Qc5
14. Ne4 Qb6 15. Rxf2 Ke8 16. Re2 Nd7 17. Nd6+ Kd8 18. Nf7+ Kc7 19. Nxh8 Qb5 20.
Rhe1 Nc5 21. Nf7 Na4 22. c4 Qf5+ 23. Kc1 Qxf7 24. Ne5 Qf4+ 25. Kd1 Rd8+ 26. Nd3
Rxd3+ {Cadilhacseffin a abandonné} 0-1

[Event "Tournament 14471 - Europe Echecs"]
[Site "Europe Echecs"]
[Date "2020.07.09"]
[Round "3"]
[Time "15:04:48"]
[PlyCount "94"]
[White "CarrollAlden"]
[Black "MolinesMartin"]
[WhiteElo "1370"]
[BlackElo "1033"]
[Mode "WEB"]
[Result "1-0"]

1. Nf3 Nc6 2. d4 d5 3. c4 Bf5 4. Nc3 e6 5. c5 Nf6 6. Bf4 Be7 7. e3 a6 8. Bd3
Bxd3 9. Qxd3 O-O 10. O-O b6 11. cxb6 cxb6 12. Rac1 Qd7 13. Ne2 Bb4 14. Bg5 Be7
15. Ng3 h6 16. Bf4 Nb4 17. Qb3 a5 18. Rc7 Qd8 19. a3 Na6 20. Rb7 Nd7 21. Rc1 Bg5
22. Bc7 Nxc7 23. Rcxc7 Nf6 24. Qxb6 Ne8 25. Rc6 Qxb6 26. Rcxb6 Be7 27. Rxe7 Nf6
28. Rbb7 Rae8 29. Rxe8 Rxe8 30. Ne5 Rf8 31. Ra7 Ne4 32. Nxe4 dxe4 33. Rxa5 Rb8
34. b4 Rc8 35. g3 Rc3 36. Ra8+ Kh7 37. Nxf7 Rc1+ 38. Kg2 Rc7 39. Rh8+ Kg6 40.
Ne5+ Kf6 41. Rf8+ Ke7 42. Rf7+ Kd6 43. Rxc7 Kxc7 44. a4 Kb6 45. f4 Kc7 46. Kf2
Kd6 47. Ke2 {MolinesMartin a abandonné} 1-0

[Event "Tournament 14471 - Europe Echecs"]
[Site "Europe Echecs"]
[Date "2020.07.09"]
[Round "3"]
[Time "15:04:48"]
[PlyCount "49"]
[White "GandrilleLubin"]
[Black "OumerWalid"]
[WhiteElo "1024"]
[BlackElo "1365"]
[Mode "WEB"]
[Result "0-1"]

1. e4 c5 2. Nf3 d6 3. Bc4 Nc6 4. Nc3 Nf6 5. d4 cxd4 6. Nxd4 e6 7. Nxc6 bxc6 8.
O-O Be7 9. Bf4 d5 10. exd5 cxd5 11. Bb5+ Bd7 12. Bxd7+ Qxd7 13. h3 O-O 14. Qf3
Bd6 15. Rad1 Rac8 16. Qg3 Bxf4 17. Qxf4 Qb7 18. Rb1 Rc4 19. Qe3 Rfc8 20. Rfd1
Ne4 21. Rd3 Nxc3 22. b3 Re4 23. Qf3 Nxb1 24. Kh2 Qc7+ {GandrilleLubin a perdu au temps} 0-1

[Event "Tournament 14471 - Europe Echecs"]
[Site "Europe Echecs"]
[Date "2020.07.09"]
[Round "3"]
[Time "15:04:48"]
[PlyCount "41"]
[White "BarbierPestour"]
[Black "BeaurainYanis"]
[WhiteElo "999"]
[BlackElo "1342"]
[Mode "WEB"]
[Result "0-1"]

1. e4 e5 2. d4 exd4 3. Qxd4 Nc6 4. Qe3 Nf6 5. Nf3 Be7 6. e5 Ng4 7. Qe4 d5 8. Qe2
Bf5 9. h3 Nh6 10. Bxh6 gxh6 11. c3 Qd7 12. Qe3 Bg5 13. Nxg5 hxg5 14. Qxg5 Nxe5
15. Qg7 Qe7 16. Qxh8+ Kd7 17. Qxa8 Nd3+ 18. Kd1 Qe1+ 19. Kc2 Nc5+ 20. Bd3 Bxd3# {BarbierPestour est échec et mat} 0-1

[Event "Tournament 14471 - Europe Echecs"]
[Site "Europe Echecs"]
[Date "2020.07.09"]
[Round "3"]
[Time "15:04:48"]
[PlyCount "43"]
[White "FaidoliYannis"]
[Black "DuplanManuel"]
[WhiteElo "1333"]
[BlackElo "1020"]
[Mode "WEB"]
[Result "0-1"]

1. e4 e5 2. Nf3 Nc6 3. Bb5 d6 4. h3 a6 5. Ba4 Nf6 6. d3 Be7 7. O-O O-O 8. Re1
Be6 9. c3 d5 10. exd5 Nxd5 11. Bxc6 bxc6 12. Nxe5 Bd6 13. Nxc6 Qd7 14. Nd4 Bxh3
15. Qf3 Bg4 16. Qxd5 Bh2+ 17. Kxh2 Qxd5 18. Bf4 Rfe8 19. Na3 c5 20. Rxe8+ Rxe8
21. Ndc2 Qxd3 {FaidoliYannis a abandonné} 0-1

[Event "Tournament 14471 - Europe Echecs"]
[Site "Europe Echecs"]
[Date "2020.07.09"]
[Round "3"]
[Time "15:04:48"]
[PlyCount "126"]
[White "GabinoKarl"]
[Black "TsirulnikovAlic"]
[WhiteElo "1331"]
[BlackElo "1010"]
[Mode "WEB"]
[Result "1-0"]

1. e4 e5 2. Bc4 Nf6 3. d4 Nc6 4. Nf3 Bd6 5. Nc3 O-O 6. O-O b6 7. Bg5 h6 8. Bh4
Bb7 9. dxe5 Nxe5 10. Bb3 Qe8 11. Bxf6 gxf6 12. Nd5 Bxd5 13. exd5 Ng6 14. Re1 Qd8
15. c4 Bc5 16. Bc2 Re8 17. Qd3 Re5 18. Nxe5 fxe5 19. Qh3 Nh4 20. Qg3+ Kf8 21.
Qxe5 Ng6 22. Bxg6 fxg6 23. Qh8+ Kf7 24. Qxd8 Rxd8 25. Re2 a5 26. a3 Bd4 27. Rae1
Bc5 28. g3 Kg7 29. Kg2 Bd6 30. f4 Rf8 31. Kf3 g5 32. Rg2 a4 33. Re4 Bc5 34. Ke2
Rf5 35. fxg5 hxg5 36. Kd3 Kf7 37. Rge2 Kg7 38. Kc2 Kf6 39. Re1 Kf7 40. Rd1 Kg6
41. Re2 Kf6 42. Rd3 Kg7 43. b4 Bf8 44. Rc3 Kf7 45. c5 Kg7 46. cxb6 cxb6 47. Rd3
Kf7 48. Kc3 b5 49. Rde3 Kf6 50. Kd4 Kf7 51. Re5 Kf6 52. Rxf5+ Kxf5 53. Rf2+ Kg6
54. Rxf8 Kg7 55. Rd8 Kf7 56. Rxd7+ Ke8 57. Rb7 Kd8 58. Rxb5 g4 59. Rb7 Kc8 60.
Rh7 Kd8 61. Ke5 Kc8 62. Kd6 Kd8 63. Rh8# {TsirulnikovAlic est échec et mat} 1-0

[Event "Tournament 14471 - Europe Echecs"]
[Site "Europe Echecs"]
[Date "2020.07.09"]
[Round "3"]
[Time "15:04:48"]
[PlyCount "61"]
[White "AlexGeerjananN"]
[Black "BourgineQuenti"]
[WhiteElo "1370"]
[BlackElo "999"]
[Mode "WEB"]
[Result "0-1"]

1. e4 e5 2. Nf3 Nc6 3. Bc4 Bc5 4. Nc3 h6 5. Nxe5 Nxe5 6. d3 Nxc4 7. dxc4 Nf6 8.
Be3 Bxe3 9. fxe3 O-O 10. Qe2 d6 11. O-O-O Bg4 12. Qd2 Bxd1 13. Qxd1 Qe7 14. Nd5
Nxd5 15. exd5 Qxe3+ 16. Qd2 Rfe8 17. Rf1 Qe2 18. Qxe2 Rxe2 19. b3 Rxg2 20. Re1
Rxh2 21. Re7 Rc8 22. Kb2 g5 23. Re4 f5 24. Re6 f4 25. Rg6+ Kh7 26. Re6 f3 27.
Rf6 f2 28. Rf3 Kg7 29. Kc1 Rf8 30. Rh3 Rxh3 {AlexGeerjananN a abandonné} 0-1

[Event "Tournament 14471 - Europe Echecs"]
[Site "Europe Echecs"]
[Date "2020.07.09"]
[Round "3"]
[Time "15:04:48"]
[PlyCount "98"]
[White "RoumeguereGabi"]
[Black "MohamedKeziah"]
[WhiteElo "1365"]
[BlackElo "1139"]
[Mode "WEB"]
[Result "1-0"]

1. e4 c5 2. Nf3 d6 3. d4 cxd4 4. Nxd4 Nf6 5. Nc3 a6 6. Be3 e5 7. Nb3 Be6 8. f3
Be7 9. Qd2 O-O 10. Be2 b5 11. O-O Nc6 12. Rfd1 Qc7 13. Qe1 Rfd8 14. Rd2 Rac8 15.
Rc1 d5 16. exd5 Nxd5 17. Nxd5 Bxd5 18. Rcd1 Be6 19. a3 Bxb3 20. cxb3 Na5 21.
Rxd8+ Rxd8 22. Rc1 Nc6 23. Qc3 Rc8 24. Bf2 Bd8 25. Kf1 Na5 26. Qxc7 Rxc7 27. Rd1
Be7 28. Bb6 Rc2 29. Bxa5 Rxb2 30. Bb4 Bf6 31. Rc1 h6 32. Bd3 g6 33. Rc8+ Kg7 34.
Bf8+ Kh7 35. Rc6 Bh8 36. Rc7 Kg8 37. Bb4 Rxb3 38. Rc3 Rb2 39. Rc2 Rb1+ 40. Kf2
Kh7 41. h3 Rb3 42. Be4 Rb1 43. Rc7 Rd1 44. Rxf7+ Kg8 45. Rf8+ Kg7 46. Ra8 Rd7
47. Rxa6 Kg8 48. Rxg6+ Bg7 49. Rc6 {MohamedKeziah a perdu au temps} 1-0

[Event "Tournament 14471 - Europe Echecs"]
[Site "Europe Echecs"]
[Date "2020.07.09"]
[Round "3"]
[Time "15:04:48"]
[PlyCount "121"]
[White "VerdeauxAntoin"]
[Black "NavilleLea"]
[WhiteElo "960"]
[BlackElo "1288"]
[Mode "WEB"]
[Result "0-1"]

1. e4 d5 2. exd5 Qxd5 3. d4 Nf6 4. Nc3 Qa5 5. Nf3 Bg4 6. Be2 c6 7. h3 Bh5 8. O-O
e6 9. Bf4 Nbd7 10. Qd3 Bg6 11. Qd2 Bb4 12. a3 Bxc3 13. bxc3 Ne4 14. Qe3 Qxc3 15.
Qxc3 Nxc3 16. Bd3 Bxd3 17. cxd3 Ne2+ 18. Kh2 Nxf4 19. g3 Nxd3 20. Ng5 h6 21. Ne4
Ke7 22. Rad1 Nb2 23. Rd2 Nc4 24. Ra2 Ncb6 25. a4 Nf6 26. Nc5 Rab8 27. a5 Nbd7
28. Nd3 a6 29. Rb1 Nd5 30. Rab2 Nc3 31. Rc1 Nb5 32. Nb4 Rhd8 33. f3 Nxd4 34. Kg2
Nf6 35. Rd1 Nb5 36. Rxd8 Rxd8 37. Rb3 Rd2+ 38. Kf1 Nd5 39. Nxd5+ Rxd5 40. Re3
Rc5 41. Ke2 Rc3 42. Re5 Kd6 43. Re4 Kd5 44. Rf4 Nd4+ 45. Kf2 f5 46. g4 Ke5 47.
Rxd4 Kxd4 48. Kg3 fxg4 49. hxg4 Ke5 50. Kh4 Rxf3 51. g5 hxg5+ 52. Kg4 Rf1 53.
Kxg5 Rg1+ 54. Kh4 Kf5 55. Kh3 Kf4 56. Kh2 Rg6 57. Kh3 e5 58. Kh2 Kf3 59. Kh1 Kf2
60. Kh2 Rh6# {VerdeauxAntoin est échec et mat} 0-1

[Event "Tournament 14471 - Europe Echecs"]
[Site "Europe Echecs"]
[Date "2020.07.09"]
[Round "3"]
[Time "15:04:48"]
[PlyCount "101"]
[White "LemoalImran"]
[Black "DygasArthur"]
[WhiteElo "1047"]
[BlackElo "1143"]
[Mode "WEB"]
[Result "0-1"]

1. e4 c5 2. Nf3 d6 3. d3 Nc6 4. Be3 g6 5. Nc3 Bg7 6. g3 Nf6 7. Bg2 O-O 8. Qd2
Bd7 9. Bh6 Rc8 10. h4 Ng4 11. h5 Bxh6 12. Qe2 Bg7 13. hxg6 fxg6 14. Bh3 Qe8 15.
Ng5 Nf6 16. Bxd7 Qxd7 17. O-O-O Ne5 18. Rh2 Qg4 19. Qxg4 Nexg4 20. Ne6 Nxh2 21.
Nxf8 Rxf8 22. Rh1 Nhg4 23. f3 Nf2 24. Rh2 N2g4 25. fxg4 Nxg4 26. Rh4 Bh6+ 27.
Kd1 Nf2+ 28. Ke2 Bg5 29. Rh2 Ng4 30. Rh1 Rf2+ 31. Ke1 Rxc2 32. Nd5 Rc1+ 33. Ke2
Rxh1 34. Kf3 Nf6 35. Nxe7+ Kf7 36. Nd5 Nxd5 37. exd5 Rd1 38. Ke2 Rd2+ 39. Kf3
Rxd3+ 40. Kg4 Bf6 41. Kf4 Rxd5 42. Ke3 Bxb2 43. a4 c4 44. g4 c3 45. Ke4 Rd1 46.
Ke3 c2 47. Kf4 c1=Q+ 48. Kf3 Re1 49. Kf2 Qe3+ 50. Kg2 Rg1+ {LemoalImran a abandonné} 0-1

[Event "Tournament 14471 - Europe Echecs"]
[Site "Europe Echecs"]
[Date "2020.07.09"]
[Round "3"]
[Time "15:04:48"]
[PlyCount "100"]
[White "KorchalovskiiM"]
[Black "GuichardAxel"]
[WhiteElo "1593"]
[BlackElo "1148"]
[Mode "WEB"]
[Result "1-0"]

1. d4 d5 2. c4 c6 3. Nc3 Nf6 4. cxd5 cxd5 5. Nf3 Nc6 6. Bf4 Bf5 7. e3 e6 8. Qb3
b6 9. Bb5 Rc8 10. Qa4 Qd7 11. O-O Bd6 12. Rac1 O-O 13. Ne5 Bxe5 14. Bxe5 Qb7 15.
Bxf6 gxf6 16. Ba6 Qb8 17. Bxc8 Rxc8 18. Nb5 Qb7 19. Nd6 Qb8 20. Nxc8 Qxc8 21.
Qxc6 Qa6 22. Qc8+ Qxc8 23. Rxc8+ Kg7 24. Rfc1 e5 25. dxe5 Bxc8 26. Rxc8 fxe5 27.
Rc7 Kf6 28. Rxa7 d4 29. exd4 exd4 30. Kf1 Ke6 31. Ke2 Kd5 32. Kd3 Kc5 33. Rxf7
b5 34. Rxh7 b4 35. b3 Kb5 36. Kxd4 Ka5 37. f4 Kb5 38. g4 Ka5 39. f5 Kb5 40. f6
Ka5 41. f7 Kb5 42. f8=Q Ka5 43. Qa8+ Kb6 44. Qb7+ Ka5 45. Qa7+ Kb5 46. Qc5+ Ka6
47. Rh6+ Kb7 48. Qb6+ Kc8 49. Qa7 Kd8 50. Rh8# {GuichardAxel est échec et mat} 1-0

[Event "Tournament 14471 - Europe Echecs"]
[Site "Europe Echecs"]
[Date "2020.07.09"]
[Round "3"]
[Time "15:04:48"]
[PlyCount "69"]
[White "FoleyDaniel"]
[Black "DecotteThomas"]
[WhiteElo "1140"]
[BlackElo "1409"]
[Mode "WEB"]
[Result "0-1"]

1. e4 c5 2. Nf3 Nc6 3. Bc4 g6 4. c3 Bg7 5. d4 Nf6 6. O-O Nxe4 7. Qe2 d5 8. Bb5
O-O 9. Bxc6 bxc6 10. Qe3 cxd4 11. Nxd4 Qb6 12. Qf3 Bxd4 13. cxd4 Qxd4 14. Be3
Qxb2 15. Nd2 Nxd2 16. Bxd2 Qxd2 17. Rad1 Qg5 18. Rfe1 Bg4 19. Qg3 e5 20. Rxe5
Qf6 21. Rde1 Bf5 22. h3 Rab8 23. Qe3 Be4 24. Qc3 c5 25. f3 Rb1 26. fxe4 Rxe1+
27. Qxe1 Qxe5 28. Qa5 Qxe4 29. Qxc5 Rb8 30. Kh2 Qf4+ 31. g3 Rb2+ 32. Kh1 Qf1+
33. Qg1 Qxh3+ 34. Qh2 Qxh2# {FoleyDaniel est échec et mat} 0-1

[Event "Tournament 14471 - Europe Echecs"]
[Site "Europe Echecs"]
[Date "2020.07.09"]
[Round "3"]
[Time "15:04:48"]
[PlyCount "87"]
[White "PenarrubiaMaxi"]
[Black "TrogerEmma"]
[WhiteElo "1380"]
[BlackElo "1122"]
[Mode "WEB"]
[Result "0-1"]

1. e4 d6 2. d4 Nf6 3. e5 dxe5 4. dxe5 Qxd1+ 5. Kxd1 Nfd7 6. Bb5 c6 7. Bc4 Nxe5
8. Bb3 g6 9. Bf4 Ned7 10. Bxb8 Rxb8 11. Nf3 Bg7 12. Re1 Bxb2 13. Nbd2 Bxa1 14.
Kc1 Bf6 15. Ne4 O-O 16. Nxf6+ exf6 17. Nd4 Nc5 18. Kb1 Nxb3 19. axb3 c5 20. Nb5
a6 21. Nd6 Rd8 22. Nxc8 Rbxc8 23. c3 b5 24. c4 bxc4 25. bxc4 Rb8+ 26. Kc2 Rb4
27. Kc3 a5 28. Ra1 a4 29. Ra3 Ra8 30. Kd2 Rxc4 31. Kd3 Rd4+ 32. Kc3 Rf4 33. Ra2
h5 34. g3 Rf3+ 35. Kc4 Rf5 36. Kb5 Kf8 37. h3 Ke7 38. Ra3 Rxf2 39. Kxc5 Rc2+ 40.
Kb4 f5 41. g4 fxg4 42. hxg4 hxg4 43. Rg3 f5 {PenarrubiaMaxi a abandonné} 0-1

[Event "Tournament 14471 - Europe Echecs"]
[Site "Europe Echecs"]
[Date "2020.07.09"]
[Round "3"]
[Time "15:04:48"]
[PlyCount "65"]
[White "CarobbioMaxime"]
[Black "HammGabrielle"]
[WhiteElo "1080"]
[BlackElo "1359"]
[Mode "WEB"]
[Result "0-1"]

1. d4 d5 2. Nc3 Nf6 3. Bf4 c5 4. e3 Nc6 5. Nge2 e6 6. Qd2 Be7 7. O-O-O O-O 8. f3
a5 9. g4 cxd4 10. Nxd4 Nxd4 11. exd4 Bd6 12. g5 Bxf4 13. Qxf4 Nd7 14. h4 b6 15.
h5 Ba6 16. Bxa6 Rxa6 17. Qg4 Qc7 18. g6 fxg6 19. hxg6 h6 20. Rdg1 Qf4+ 21. Qxf4
Rxf4 22. Rg3 Ra8 23. Nb5 Raf8 24. Rf1 e5 25. dxe5 Nxe5 26. Nc7 Rxf3 27. Rfxf3
Rxf3 28. Rg1 Rf6 29. Nxd5 Rxg6 30. Re1 Nf3 31. Re3 Rg1+ 32. Re1 Rxe1# {CarobbioMaxime est échec et mat} 0-1

[Event "Tournament 14471 - Europe Echecs"]
[Site "Europe Echecs"]
[Date "2020.07.09"]
[Round "3"]
[Time "15:04:48"]
[PlyCount "108"]
[White "FalipMoralesTo"]
[Black "FadilNoah"]
[WhiteElo "1344"]
[BlackElo "1113"]
[Mode "WEB"]
[Result "1-0"]

1. d4 d5 2. e3 Nf6 3. Bd3 Nc6 4. f4 g6 5. c3 Bf5 6. Nf3 Bxd3 7. Qxd3 Bg7 8. O-O
O-O 9. Nbd2 Qd7 10. Ne5 Nxe5 11. fxe5 Nh5 12. Qe2 f6 13. g4 fxe5 14. gxh5 Rxf1+
15. Nxf1 Rf8 16. hxg6 hxg6 17. Qg2 Kh7 18. Bd2 exd4 19. exd4 Rf5 20. Ng3 Rf8 21.
Rf1 Rxf1+ 22. Nxf1 b6 23. Ne3 Qd6 24. Qxd5 Qf6 25. Qf3 Qg5+ 26. Qg2 Qb5 27. b3
c5 28. c4 Qa6 29. dxc5 Qxa2 30. cxb6 axb6 31. b4 Bd4 32. Kh1 Bxe3 33. Qh3+ Kg7
34. Qxe3 Qb1+ 35. Kg2 Qf5 36. Bc3+ Kf8 37. Qf3 Qxf3+ 38. Kxf3 Kf7 39. Ke4 g5 40.
Kd5 Ke8 41. Kc6 Kf7 42. Kxb6 Ke6 43. Bd4 Kd7 44. c5 Kc8 45. c6 e6 46. Be5 g4 47.
c7 Kd7 48. Kb7 Ke7 49. c8=Q Kf7 50. Qd7+ Kg6 51. Qxe6+ Kh5 52. Qf5+ Kh4 53. Bg3+
Kh3 54. Qf1# {FadilNoah est échec et mat} 1-0

[Event "Tournament 14471 - Europe Echecs"]
[Site "Europe Echecs"]
[Date "2020.07.09"]
[Round "3"]
[Time "15:04:48"]
[PlyCount "71"]
[White "MoreauDecource"]
[Black "MoussaNicolas"]
[WhiteElo "1330"]
[BlackElo "1102"]
[Mode "WEB"]
[Result "0-1"]

1. e4 e5 2. Nf3 Nc6 3. Nc3 Nf6 4. Bc4 Nxe4 5. Nxe4 d5 6. Bd3 dxe4 7. Bxe4 Qd6 8.
O-O Bg4 9. d3 O-O-O 10. Bg5 f6 11. Be3 Ne7 12. Bxa7 f5 13. d4 fxe4 14. dxe5 Qxd1
15. Rfxd1 Rxd1+ 16. Rxd1 exf3 17. gxf3 Bxf3 18. Rd3 Be4 19. Re3 Bxc2 20. e6 b6
21. Rc3 Bf5 22. a4 Kb7 23. a5 Kxa7 24. Rxc7+ Kb8 25. Rc4 Bxe6 26. Rb4 Nc6 27.
Rxb6+ Kc7 28. Rb5 Bd7 29. a6 Bc8 30. a7 Nxa7 31. Rc5+ Bxc5 32. b4 Bb6 33. b5 Bh3
34. Kh1 Rd8 35. f4 Rd1# {MoreauDecource est échec et mat} 0-1

[Event "Tournament 14471 - Europe Echecs"]
[Site "Europe Echecs"]
[Date "2020.07.09"]
[Round "3"]
[Time "15:04:48"]
[PlyCount "48"]
[White "SwietlikNicola"]
[Black "BoucaudViallar"]
[WhiteElo "1065"]
[BlackElo "1329"]
[Mode "WEB"]
[Result "1-0"]

1. e4 e5 2. Nf3 Nc6 3. d4 Bd6 4. d5 Nd4 5. Nxd4 exd4 6. Qxd4 Nf6 7. Bd3 Be7 8.
O-O d6 9. Nc3 Ng4 10. h3 Ne5 11. Bf4 Nxd3 12. Qxd3 Bf6 13. Rfe1 g5 14. Bg3 h5
15. e5 dxe5 16. Bxe5 g4 17. Bxf6+ Kf8 18. Bxd8 gxh3 19. gxh3 Rg8+ 20. Kh2 Bd7
21. Be7+ Ke8 22. Qh7 Bc8 23. Qxg8+ Kd7 24. Qd8# {BoucaudViallar est échec et mat} 1-0

[Event "Tournament 14471 - Europe Echecs"]
[Site "Europe Echecs"]
[Date "2020.07.09"]
[Round "3"]
[Time "15:04:48"]
[PlyCount "67"]
[White "KurenkovAndrey"]
[Black "OuaichaHadyan"]
[WhiteElo "1322"]
[BlackElo "1083"]
[Mode "WEB"]
[Result "0-1"]

1. e4 e5 2. Nf3 Nc6 3. d4 Nxd4 4. Nxd4 Bc5 5. Nf3 d6 6. Bc4 Nf6 7. Nc3 Bg4 8.
O-O O-O 9. h3 Be6 10. Bd3 Re8 11. Bg5 h6 12. Bh4 Qd7 13. Bxf6 gxf6 14. Nd5 c6
15. Nxf6+ Kf8 16. Nxd7+ Bxd7 17. Nh4 Ke7 18. Nf5+ Kd8 19. c3 Rg8 20. b4 Bb6 21.
Nxd6 Bxh3 22. Kh2 Bg4 23. Nxf7+ Kc7 24. f3 Be6 25. Nxe5 Rad8 26. Qc2 Rg5 27. g3
Rh5+ 28. Kg2 Bh3+ 29. Kh1 Bxf1+ 30. Qh2 Rxh2+ 31. Kxh2 Bxd3 32. Nf7 Rd7 33. Nxh6
Be2 {KurenkovAndrey a abandonné} 0-1

[Event "Tournament 14471 - Europe Echecs"]
[Site "Europe Echecs"]
[Date "2020.07.09"]
[Round "3"]
[Time "15:04:48"]
[PlyCount "128"]
[White "ComtePanicautJ"]
[Black "GerardKelian"]
[WhiteElo "1265"]
[BlackElo "1056"]
[Mode "WEB"]
[Result "1/2-1/2"]

1. e4 e5 2. Nf3 Nc6 3. Nc3 Nf6 4. Bb5 a6 5. Bxc6 bxc6 6. Nxe5 Qe7 7. d4 Qd6 8.
O-O c5 9. Be3 cxd4 10. Qxd4 Qe6 11. Rad1 Bd6 12. Nf3 Bb7 13. e5 Bxf3 14. gxf3
Bxe5 15. Qh4 h6 16. Ne4 Nxe4 17. Qxe4 Rb8 18. Qd3 g5 19. Bd4 f6 20. Rfe1 d6 21.
Qg6+ Qf7 22. Qxf7+ Kxf7 23. Bxe5 dxe5 24. Rd7+ Kg6 25. b3 Rbc8 26. Red1 Kf5 27.
Kg2 h5 28. Rg7 h4 29. Rdd7 Kf4 30. Rxc7 h3+ 31. Kg1 Rcd8 32. Rcd7 Rc8 33. Rh7
Kxf3 34. Rxh8 Rxh8 35. Rd3+ Ke4 36. f3+ Kf4 37. Kf2 f5 38. Rc3 Rd8 39. Rc4+ e4
40. fxe4 fxe4 41. Ke2 g4 42. Rc6 a5 43. Rf6+ Ke5 44. Rg6 Kf5 45. Rg7 Rd6 46. Ke3
Rc6 47. c4 Rd6 48. Rf7+ Kg6 49. Rf4 Rd3+ 50. Kxe4 Rd2 51. Rxg4+ Kh5 52. Kf3 Rxh2
53. Kg3 Rg2+ 54. Kxh3 Rxg4 55. c5 Re4 56. c6 Re3+ 57. Kg2 Rc3 58. b4 axb4 59. c7
Rxc7 60. Kf3 Rc2 61. Ke3 Rxa2 62. Kd3 b3 63. Kc3 b2 64. Kc2 {L'un des joueurs n'a plus de temps et l'autre n'a pas assez de matériel pour mater} 1/2-1/2

[Event "Tournament 14471 - Europe Echecs"]
[Site "Europe Echecs"]
[Date "2020.07.09"]
[Round "3"]
[Time "15:04:48"]
[PlyCount "47"]
[White "CourjalCharlot"]
[Black "LhostisLucie"]
[WhiteElo "1055"]
[BlackElo "1265"]
[Mode "WEB"]
[Result "0-1"]

1. e4 e5 2. Nf3 Nc6 3. Bc4 Bc5 4. c3 Nf6 5. d3 O-O 6. Nbd2 d6 7. h3 Be6 8. Bxe6
fxe6 9. Nf1 d5 10. exd5 exd5 11. Ng3 e4 12. dxe4 dxe4 13. Nd2 e3 14. fxe3 Bxe3
15. Nf5 Bxd2+ 16. Bxd2 Qe8+ 17. Ne3 Ne4 18. Qb3+ Kh8 19. Qxb7 Nxd2 20. Kxd2 Rd8+
21. Ke2 Qh5+ 22. g4 Qf7 23. Qxc6 Qf2# {CourjalCharlot est échec et mat} 0-1

[Event "Tournament 14471 - Europe Echecs"]
[Site "Europe Echecs"]
[Date "2020.07.09"]
[Round "3"]
[Time "15:04:48"]
[PlyCount "54"]
[White "PommereulMathi"]
[Black "GilliotCorenti"]
[WhiteElo "1264"]
[BlackElo "1051"]
[Mode "WEB"]
[Result "1-0"]

1. e4 e5 2. Nf3 Nc6 3. Bc4 f6 4. d3 a6 5. a3 b5 6. Ba2 Nh6 7. Nc3 d6 8. Be3 Ng4
9. Bd2 g6 10. Bd5 Ne7 11. Bxa8 c6 12. Bxc6+ Nxc6 13. Nd5 Be6 14. Bb4 a5 15. Bc3
Bxd5 16. exd5 Qb6 17. O-O Na7 18. Nh4 Nh6 19. Re1 Ng4 20. Qxg4 Bh6 21. Qe6+ Kd8
22. Qxf6+ Kd7 23. Bxe5 Rf8 24. Qe6+ Kd8 25. Bxd6 Qxf2+ 26. Kh1 Rf6 27. Qe8# {GilliotCorenti est échec et mat} 1-0

[Event "Tournament 14471 - Europe Echecs"]
[Site "Europe Echecs"]
[Date "2020.07.09"]
[Round "3"]
[Time "15:04:48"]
[PlyCount "33"]
[White "DromardLila"]
[Black "AlunniBagarell"]
[WhiteElo "1040"]
[BlackElo "1214"]
[Mode "WEB"]
[Result "0-1"]

1. e4 e6 2. Nf3 d5 3. Nc3 Nc6 4. d4 dxe4 5. Nxe4 Bd6 6. d5 exd5 7. Qxd5 Bb4+ 8.
Nc3 Bxc3+ 9. bxc3 Qxd5 10. c4 Qe6+ 11. Be2 Nf6 12. Ng5 Qe5 13. Nf3 Qxa1 14. O-O
O-O 15. Ba3 Qxa2 16. Bxf8 Kxf8 {DromardLila a abandonné} 0-1

[Event "Tournament 14471 - Europe Echecs"]
[Site "Europe Echecs"]
[Date "2020.07.09"]
[Round "3"]
[Time "15:04:48"]
[PlyCount "72"]
[White "SurninZoya"]
[Black "PechGuillaume"]
[WhiteElo "1192"]
[BlackElo "1012"]
[Mode "WEB"]
[Result "1-0"]

1. e4 e5 2. Nf3 Nc6 3. Nc3 Bb4 4. Bb5 Nf6 5. d3 O-O 6. Bxc6 dxc6 7. Nxe5 Bxc3+
8. bxc3 Qd6 9. Nf3 Qc5 10. c4 Bg4 11. O-O Rfd8 12. h3 Bh5 13. Bb2 Nxe4 14. Qe2
Bxf3 15. Qxf3 Ng5 16. Qg3 Ne6 17. Rfe1 g6 18. Qg4 Nd4 19. Rac1 b5 20. c3 Nf5 21.
Qg5 Rxd3 22. g4 Nd6 23. Qxc5 Ne4 24. Qxc6 Ng5 25. Qxa8+ Kg7 26. Kg2 bxc4 27. h4
Ne6 28. Qxa7 Nf4+ 29. Kf1 Rh3 30. Qb7 Nd3 31. Re7 Nxc1 32. Bxc1 Rh1+ 33. Qxh1 c6
34. Qf3 Kh8 35. Qxf7 h6 36. Re8# {PechGuillaume est échec et mat} 1-0